|
|
|
|
| LEADER |
01261nam a2200337Ia 4500 |
| 001 |
EBC288841 |
| 003 |
MiAaPQ |
| 005 |
20200520144314.0 |
| 006 |
m o d | |
| 007 |
cr cn||||||||| |
| 008 |
040407s2003 ne a sb 001 0 eng d |
| 020 |
|
|
|z 0750651296 (pbk.)
|
| 035 |
|
|
|a (MiAaPQ)EBC288841
|
| 035 |
|
|
|a (Au-PeEL)EBL288841
|
| 035 |
|
|
|a (CaPaEBR)ebr10169691
|
| 035 |
|
|
|a (CaONFJC)MIL96627
|
| 035 |
|
|
|a (OCoLC)171114108
|
| 040 |
|
|
|a MiAaPQ
|c MiAaPQ
|d MiAaPQ
|
| 050 |
|
4 |
|a TS176
|b .S338 2003
|
| 082 |
0 |
4 |
|a 658.503
|2 22
|
| 100 |
1 |
|
|a Scallan, Peter.
|
| 245 |
1 |
0 |
|a Process planning
|h [electronic resource] :
|b the design/manufacture interface /
|c Peter Scallan.
|
| 260 |
|
|
|a Amsterdam ;
|a London :
|b Butterworth-Heinemann,
|c 2003.
|
| 300 |
|
|
|a xii, 483 p. :
|b ill.
|
| 504 |
|
|
|a Includes bibliographical references and index.
|
| 533 |
|
|
|a Electronic reproduction. Ann Arbor, MI : ProQuest, 2015. Available via World Wide Web. Access may be limited to ProQuest affiliated libraries.
|
| 650 |
|
0 |
|a Manufacturing processes
|x Planning
|x Data processing.
|
| 650 |
|
0 |
|a Production planning.
|
| 655 |
|
4 |
|a Electronic books.
|
| 710 |
2 |
|
|a ProQuest (Firm)
|
| 856 |
4 |
0 |
|u https://ebookcentral.proquest.com/lib/matrademy/detail.action?docID=288841
|z Click to View
|